Loading...

Woman and Islamic law

Bibliographic Details
Main Author: Iqbal, Safia
Format: Printed Book
Published: Adam publishers, New Delhi 2004
Subjects:
LEADER 00480nam a2200157 4500
082 |a 305.48 IQB 
100 |a Iqbal, Safia 
245 |a Woman and Islamic law  |c Iqbal, Safia 
250
260 |a Adam publishers, New Delhi  |c 2004 
300 |a 316 P 
490
650 |a Women studies--Sociology--Women in Islam--Islamic women 
942 |c BK 
999 |c 188374  |d 188374 
952 |0 0  |1 0  |4 0  |6 305_480000000000000_IQB  |7 0  |9 201723  |a ISL  |b ISL  |l 0  |o 305.48 IQB  |p ISL02715  |r 2019-10-28  |w 2019-10-28  |y BK